Trellas - Bad Bunny - Estadísticas

Estadísticas generales
  • Esta prueba ha sido intentada 31 veces
  • La puntuación promedio es 103 de 117
Estadísticas de respuestas
Letra % Correcto
a
100%
acordé
100%
de
100%
en
100%
estrellas
100%
la
100%
las
100%
me
100%
Me
100%
100%
Mirando
100%
para
100%
pregunté
100%
100%
si
100%
ti
100%
Y
100%
alguien
93%
aquí
93%
con
93%
conocí
93%
galaxia
93%
otra
93%
Quizás
93%
93%
alien
86%
Luna
86%
No
86%
no
86%
un
86%
años
79%
el
79%
espacio
79%
gustaba
79%
habrá
79%
Hasta
79%
juro
79%
lejos
79%
luz
79%
marcianas
79%
Marte
79%
más
79%
nadie
79%
por
79%
que
79%
sexo
79%
Te
79%
tuve
79%
usted
79%
Yo
79%
besé
71%
como
71%
conocido
71%
Dando
71%
he
71%
Mil
71%
pensé
71%
seguiré
71%
tiempo
71%
tuvimos
71%
vueltas
71%
buscando
64%
viajado
64%
date
57%
ya
57%
encuetro
7%
No se encontraron pruebas coincidentes
Distribución de puntuación
Porcentaje de gente con cada puntuación
Porcentaje por número respondido
Historial de tus puntuaciones
No has intentado esta prueba.